| 000 | 01012nam a2200265 a 4500 | ||
|---|---|---|---|
| 001 | BRCA_8367 | ||
| 005 | 20190320210242.0 | ||
| 008 | 290714s1877----mx-a###f##---#000-0#spa-# | ||
| 041 | _aspa | ||
| 044 | _amx | ||
| 050 | 4 |
_aNE2314 _b.C37 1877 |
|
| 100 | 1 |
_aCastro, Casimiro _eil. _920964 |
|
| 245 | 1 | 0 |
_aÁlbum del Ferrocarril Mexicano _bcolección de vistas pintadas del natural _cpor Casimiro Castro ; descripción del camino y de las regiones que recorre por Antonio García Cubas. |
| 260 |
_aMéxico _bVictor Debra _c1877 |
||
| 300 |
_a56 p. _bil. (algunas a color), 26 láminas _c34 cm. |
||
| 500 | _aEstado físico: lomo y tapas desprendidas sujetadas por un lazo | ||
| 500 | _aVer también facsímil con número de control 1838 | ||
| 500 | _aR103 | ||
| 650 | 1 | 4 |
_aFerrocarril mexicano _vRetratos _920965 |
| 650 | 1 | 4 |
_aFerrocarril mexicano _vPaisajes _920966 |
| 650 | 1 | 4 |
_aFerrocarril mexicano _xDescripción y viajes _920967 |
| 700 | 1 |
_aGarcía Cubas, Antonio _920968 |
|
| 902 | _aGFM | ||
| 942 |
_2lcc _cB |
||
| 999 |
_c8035 _d8035 |
||